<?xml version="1.0" encoding="UTF-8"?>
<record
    xmlns:xsi="http://www.w3.org/2001/XMLSchema-instance"
    xsi:schemaLocation="http://www.loc.gov/MARC21/slim http://www.loc.gov/standards/marcxml/schema/MARC21slim.xsd"
    xmlns="http://www.loc.gov/MARC21/slim">

  <leader>02723nam a2200265 a 4500</leader>
  <controlfield tag="001">BRCA_8791</controlfield>
  <controlfield tag="005">20190320210419.0</controlfield>
  <controlfield tag="008">180417s1686----sp-#######---#000-0#spa-#</controlfield>
  <datafield tag="041" ind1=" " ind2=" ">
    <subfield code="a">spa</subfield>
  </datafield>
  <datafield tag="044" ind1=" " ind2=" ">
    <subfield code="a">sp</subfield>
  </datafield>
  <datafield tag="084" ind1=" " ind2=" ">
    <subfield code="a">BE170</subfield>
    <subfield code="b">.B37 1686</subfield>
  </datafield>
  <datafield tag="100" ind1="1" ind2=" ">
    <subfield code="a">Barcia y Zambrano, Jos&#xE9; de</subfield>
    <subfield code="d">- 1695</subfield>
    <subfield code="9">21917</subfield>
  </datafield>
  <datafield tag="245" ind1="1" ind2="0">
    <subfield code="a">Quaresma de sermones doctrinales, duplicados, para todos los Domingos, Mi&#xE9;rcoles y Viernes, y algunos otras Ferias, con remisiones copiosas al Despertador Christiano de sermones enteros los mismos d&#xED;as</subfield>
    <subfield code="b">tomo 1</subfield>
    <subfield code="c">su autor el Doct. D. Josef Barcia, y Zambrana...</subfield>
  </datafield>
  <datafield tag="260" ind1=" " ind2=" ">
    <subfield code="a">Perpi&#xF1;an</subfield>
    <subfield code="b">En la Imprenta de Gregorio</subfield>
    <subfield code="c">1686</subfield>
  </datafield>
  <datafield tag="300" ind1=" " ind2=" ">
    <subfield code="a">476 p. (t.1)</subfield>
    <subfield code="c">20.3 x 15 cm.</subfield>
  </datafield>
  <datafield tag="500" ind1=" " ind2=" ">
    <subfield code="a">Con privilegio</subfield>
  </datafield>
  <datafield tag="500" ind1=" " ind2=" ">
    <subfield code="a">Estado f&#xED;sico: presenta encuadernaci&#xF3;n en pergamino, con cintas rotas y algunas hojas da&#xF1;adas</subfield>
  </datafield>
  <datafield tag="500" ind1=" " ind2=" ">
    <subfield code="a">Con marca de fuego #1: &#x201C;Procedencia de la marca: Convento de San Francisco de Quer&#xE9;taro(1). Instituci&#xF3;n: Orden de Frailes Menores. Provincia de San Pedro y San Pablo de Michoac&#xE1;n. Descripci&#xF3;n: Tres iniciales separadas: &#xB4;C&#xB4;, &#xB4;S&#xB4; y &#xB4;Q&#xB4; en cuya silueta se agreg&#xF3; el resto del texto: C[onvento] S[an Francisco] Q[uer&#xE9;taro]. Luego el escudo franciscano de las 5 llagas inscrito en un c&#xED;rculo formado del cord&#xF3;n franciscano. Observaciones: Rafael Sala, Carlos Krausse y David Saavedra Vega la catalogan como perteneciente al Convento de San Francisco de Quer&#xE9;taro. Ubicaci&#xF3;n de la marca en el libro: Canto superior, inferior y fronta&#x201D;</subfield>
  </datafield>
  <datafield tag="500" ind1=" " ind2=" ">
    <subfield code="a">Con marca de fuego #2: &#x201C;Procedencia de la marca: Convento de San Francisco Santa Mar&#xED;a del Pueblito de Quer&#xE9;taro(1).  Instituci&#xF3;n: Orden de Frailes Menores. Provincia de San Pedro y San Pablo de Michoac&#xE1;n. Descripci&#xF3;n: Monograma conformado por las iniciales &#x201C;P&#x201D;, &#x201C;u&#x201D;, &#x201C;E&#x201D; seguidas de &#x201C;b&#x201D;, &#x201C;I&#x201D;, &#x201C;T&#x201D; y &#x201C;o&#x201D; que se desata como Pueblito(2) dentro de un filete en forma de rombo. Observaciones: Krausse la incluye entre las marcas no identificadas. David Saavedra la identifica como del Convento Franciscano de Santa Mar&#xED;a del Pueblito, Villa Corregidora de Quer&#xE9;taro. Con el testimonio de pertenencia ubicado en este ejemplar se corrobora la atribuci&#xF3;n realizada por David Saavedra. Ubicaci&#xF3;n de la marca en el libro: Canto superior, inferior y lateral&#x201D;</subfield>
  </datafield>
  <datafield tag="650" ind1="1" ind2="4">
    <subfield code="a">Sermones</subfield>
    <subfield code="9">21350</subfield>
  </datafield>
  <datafield tag="856" ind1=" " ind2=" ">
    <subfield code="a">Marca de fuego #1: http://www.marcasdefuego.buap.mx:8180/xmLibris/projects/firebrand/item.jsp?repository=marcas_de_fuego&amp;key=d6defe3d.xml&amp;num=14</subfield>
  </datafield>
  <datafield tag="856" ind1=" " ind2=" ">
    <subfield code="a">Marca de fuego #2: http://www.marcasdefuego.buap.mx:8180/xmLibris/projects/firebrand/item.jsp?repository=marcas_de_fuego&amp;key=marcas_de_fuego_franciscanas_20150618135223_2ccc.xml&amp;num=124</subfield>
  </datafield>
  <datafield tag="902" ind1=" " ind2=" ">
    <subfield code="a">CFM</subfield>
  </datafield>
  <datafield tag="942" ind1=" " ind2=" ">
    <subfield code="2">lcc</subfield>
    <subfield code="c">B</subfield>
  </datafield>
  <datafield tag="999" ind1=" " ind2=" ">
    <subfield code="c">8442</subfield>
    <subfield code="d">8442</subfield>
  </datafield>
  <datafield tag="952" ind1=" " ind2=" ">
    <subfield code="0">0</subfield>
    <subfield code="1">0</subfield>
    <subfield code="4">0</subfield>
    <subfield code="7">0</subfield>
    <subfield code="a">BRCA</subfield>
    <subfield code="b">BRCA</subfield>
    <subfield code="d">2017-04-18</subfield>
    <subfield code="l">0</subfield>
    <subfield code="o">BE170 .B37 1686</subfield>
    <subfield code="p">CFM00118</subfield>
    <subfield code="r">2019-03-22 00:00:00</subfield>
    <subfield code="w">2019-03-22</subfield>
    <subfield code="y">B</subfield>
  </datafield>
</record>
